00329nam a22001217a 4500020001700000082002900017100001800046245003800064260004100102300001900143526003700162650000800199 a780521495363 a624.17bDYMcL-39, P-169 aDym, Clive, L aStructure modeling and analysis / aUK :bUniversity of Cambridgec1997. aviii, 261 p. : a0b0c0d624_170000000000000_DYM aMCE